书目信息 |
| 题名: |
人工智能与大数据导论
|
|
| 作者: | 曾凌静 , 黄金凤 主编 | |
| 分册: | ||
| 出版信息: | 成都 电子科技大学出版社 2020.7 |
|
| 页数: | 232页 | |
| 开本: | 26cm | |
| 丛书名: | ||
| 单 册: | ||
| 中图分类: | TP18 , TP274 | |
| 科图分类: | ||
| 主题词: | 人工智能--高等学校--教材 , 数据处理--高等学校--教材 | |
| 电子资源: | ||
| ISBN: | 978-7-5647-7956-6 | |
| 000 | 01071nam0 2200277 45 | |
| 001 | 012001002859 | |
| 005 | 20141010102854.0 | |
| 010 | @a978-7-5647-7956-6@dCNY75.00 | |
| 100 | @a20201226d2020 em y0chiy50 ea | |
| 101 | 0 | @achi |
| 102 | @aCN@b510000 | |
| 105 | @aa z 000yy | |
| 106 | @ar | |
| 200 | 1 | @a人工智能与大数据导论@Aren gong zhi neng yu da shu ju dao lun@b专著@f曾凌静,黄金凤主编 |
| 210 | @a成都@c电子科技大学出版社@d2020.7 | |
| 215 | @a232页@c图@d26cm | |
| 300 | @a普通高等院校规划教材·公共基础课系列 | |
| 330 | @a本书分通识篇、应用实战篇两部分,具体内容包括:绪论、大数据与智能制造、大数据时代的智能交通、人工智能与大数据在安全领域的应用、大数据与智能航运、大数据在生物医学领域的应用、Python概述、Python语法基础、Python常用语句等。 | |
| 606 | 0 | @a人工智能@x高等学校@j教材 |
| 606 | 0 | @a数据处理@x高等学校@j教材 |
| 690 | @aTP18@v5 | |
| 690 | @aTP274@v5 | |
| 701 | 0 | @a曾凌静@Azeng ling jing@c(女,@f1983~)@4主编 |
| 701 | 0 | @a黄金凤@Ahuang jin feng@c(女,@f1971~)@4主编 |
| 801 | 2 | @aCN@bBJSDL@c20211018 |
| 905 | @b1350602-5@dTP18@e308@f4 | |
| 人工智能与大数据导论/曾凌静,黄金凤主编.-成都:电子科技大学出版社,2020.7 |
| 232页:图;26cm |
| 普通高等院校规划教材·公共基础课系列 |
| ISBN 978-7-5647-7956-6:CNY75.00 |
| 本书分通识篇、应用实战篇两部分,具体内容包括:绪论、大数据与智能制造、大数据时代的智能交通、人工智能与大数据在安全领域的应用、大数据与智能航运、大数据在生物医学领域的应用、Python概述、Python语法基础、Python常用语句等。 |
| ● |
| 相关链接 |
|
|
|
|
正题名:人工智能与大数据导论
索取号:TP18/308
 
预约/预借
| 序号 | 登录号 | 条形码 | 馆藏地/架位号 | 状态 | 备注 |
| 1 | 1350602 | 213506026 | 第二样本阅览室/ [索取号:TP18/308] | 在馆 | |
| 2 | 1350603 | 213506035 | 第三借阅区/ [索取号:TP18/308] | 在馆 | |
| 3 | 1350604 | 213506044 | 第三借阅区/ [索取号:TP18/308] | 在馆 | |
| 4 | 1350605 | 213506053 | 第三借阅区/ [索取号:TP18/308] | 在馆 |